Primary humanities: learning through enquiry/
Gorde:
| Egile nagusia: | |
|---|---|
| Formatua: | Liburua |
| Hizkuntza: | ingelesa |
| Argitaratua: |
SAGE
2013
|
| Etiketak: |
Etiketa erantsi
Etiketarik gabe, Izan zaitez lehena erregistro honi etiketa jartzen!
|
MARC
| LEADER | 00000nam a22000007a 4500 | ||
|---|---|---|---|
| 008 | 210818b ||||| |||| 00| 0 eng d | ||
| 020 | |a ISBN: 978-0-85702-340-7 | ||
| 100 | |a PICKFORD, Tony. | ||
| 245 | |a Primary humanities: learning through enquiry/ |c Tony Pickford, Wendy Garner and Elaine Jackson.- |g xv, 183p. ill. | ||
| 260 | |b SAGE |c 2013 |h Los Angeles: |i 692628-EDU. |i 692629 |l AZ182 .P58 |m 1. Humanities – Study and teaching (Elementary) – Great Britain |m 2. Education, Elementary – Curricula – Great Britain |m 3. Garner, Wendy. |m I. Jackson, Elaine |m II. Title | ||
| 500 | |a “It includes index and references” | ||
| 942 | |a lcc |c BK |e j. o. ifatola |f 18/ 08/ 2021 | ||
| 952 | |0 0 |1 0 |2 lcc |4 0 |6 AZ0182 P58 |7 0 |9 3104 |a ED |b HOL |c AF |d 2021-08-18 |l 0 |o AZ182 .P58 |p 2021-66802 |r 2021-08-18 00:00:00 |w 2021-08-18 |y BK | ||
| 952 | |0 0 |1 0 |2 lcc |4 0 |6 AZ0182 P58 |7 0 |9 3105 |a ED |b HOL |c AF |d 2021-08-18 |l 0 |o AZ182 .P58 |p 2021-66803 |r 2021-08-18 00:00:00 |w 2021-08-18 |y BK | ||
| 999 | |c 1574 |d 1574 | ||